| 000 | 00638nam a2200181 4500 | ||
|---|---|---|---|
| 001 | 110194 | ||
| 003 | ES-MaACL | ||
| 005 | 20230906185008.0 | ||
| 007 | t| | ||
| 008 | 061121s1975 sp r ||||1| spa d | ||
| 100 | 1 |
_aMolero Manglano, Carlos. _981857 |
|
| 245 | 1 | 3 |
_aLa supletoriedad del Derecho Común en el Derecho del Trabajo / _cCarlos Molero Manglano; prólogo, Garpar Bayón Chacón. |
| 260 |
_aMadrid : _bInstituto de Estudios Políticos, _c1975. |
||
| 300 |
_a302 p. ; _c21 cm. |
||
| 700 | 1 |
_aBayón Chacón, Gaspar. _926713 |
|
| 710 | 2 |
_aInstituto de Estudios Políticos (Madrid) _94924 |
|
| 852 |
_aES-MaACL _jE-7995 _bR.92260 |
||
| 999 |
_c110194 _d110194 |
||